Application of Glycosidases and Glycosyltransferases in Chemo-Bio Catalysis

Enregistré dans:
Détails bibliographiques
Auteur principal: Bláhová, Mária (Auteur)
Autres auteurs: Hronská, Helena (Directeur de thèse)
Format: Manuscrit Livre
Langue:slovaque
anglais
Publié: 2024
Sujets:
Accès en ligne:http://is.stuba.sk/zp/portal_zp.pl?podrobnosti=165470
Tags: Ajouter un tag
Pas de tags, Soyez le premier à ajouter un tag!

MARC

LEADER 00000ntm a22000003a 4500
001 stuzp82067
003 SK-STU
005 20240824210409.1
007 ta
008 150427s2015----xo-----f-mn---000-0-slo-d
040 |a STU  |b slo 
041 0 |a eng 
100 1 |a Bláhová, Mária  |u 044000  |4 aut  |U FCHPT Fakulta chemickej a potravinárskej technológie  |T FCHPT Ústav biotechnológie  |X 81557  |U C4000  |Y 102  |7 81557 
242 0 1 |a Využitie glykozidáz a glykozyltransferáz v chemo-biokatalýze  |y slo 
245 1 0 |a Application of Glycosidases and Glycosyltransferases in Chemo-Bio Catalysis 
260 |c 2024 
650 4 |a Glykozyltransferázy  |2 slo 
650 4 |a Glykozidázy  |2 slo 
650 4 |a Maltooligosaccharid-produkujúce amylázy  |2 slo 
650 4 |a Celodextrínfosforylázy  |2 slo 
650 4 |a Chemo-biokatalýza  |2 slo 
650 4 |a ß-N-acetylhexózaminidázy  |2 slo 
650 4 |a Cellodextrin phosphorylases  |2 eng 
650 4 |a Glycosidases  |2 eng 
650 4 |a Glycosyltransferases  |2 eng 
650 4 |a Chemo-Biocatalysis  |2 eng 
650 4 |a ß-N-Acetylhexosaminidases  |2 eng 
650 4 |a Maltooligosaccharide-producing amylases  |2 eng 
700 1 |a Hronská, Helena  |u 044000  |k Z1  |4 ths  |U FCHPT Fakulta chemickej a potravinárskej technológie  |T FCHPT Ústav biotechnológie  |X 4690  |U C4000  |Y 102  |7 A000004690 
856 4 |u http://is.stuba.sk/zp/portal_zp.pl?podrobnosti=165470